Market evidence (Record no. 84531)
[ view plain ]
| 000 -LEADER | |
|---|---|
| fixed length control field | 01396cab a22002655a 4500 |
| 001 - CONTROL NUMBER | |
| control field | L158213 |
| 008 - FIXED-LENGTH DATA ELEMENTS--GENERAL INFORMATION | |
| fixed length control field | 141015e20141010xxk 000 0 eng d |
| 035 ## - SYSTEM CONTROL NUMBER | |
| System control number | (Sirsi) u158213 |
| 041 0# - LANGUAGE CODE | |
| Language code of text/sound track or separate title | eng |
| 100 1# - MAIN ENTRY--PERSONAL NAME | |
| Personal name | Sculthorpe, Helen |
| 245 00 - TITLE STATEMENT | |
| Title | Market evidence |
| 260 ## - PUBLICATION, DISTRIBUTION, ETC. | |
| Date of publication, distribution, etc. | 2014 |
| 490 ## - SERIES STATEMENT | |
| Series statement | New Law Journal |
| Volume/sequential designation | 164(7625) 10 October 2014, 13-14(2) |
| 520 ## - SUMMARY, ETC. | |
| Summary, etc. | Discusses the advantages of using expert market based valuation evidence to work out relativity for freehold and leasehold extensions rather than reliance on RICS endorsed relativity graphs in the light of "Kosta v Trustees of the Phillimore Estate" [2014] UKUT 0319 (LC) which accepted the market based approach put forward by the tenant K's expert valuer rather than the relativity graphs used by the landlord T's valuer. Stresses the importance of market based evidence in working out relativity. Refers to "Arrowdell Ltd v Coniston Court (North) Hove Ltd (LRA/72/2005) and Nailrile Ltd v Cadogan which considered relativity. |
| 590 ## - LOCAL NOTE (RLIN) | |
| Local note | KA |
| 650 24 - SUBJECT ADDED ENTRY--TOPICAL TERM | |
| Topical term or geographic name entry element | RELATIVITY |
| 650 24 - SUBJECT ADDED ENTRY--TOPICAL TERM | |
| Topical term or geographic name entry element | KOSTA V TRUSTEES OF THE PHILLIMORE ESTATE |
| 650 24 - SUBJECT ADDED ENTRY--TOPICAL TERM | |
| Topical term or geographic name entry element | ARROWDELL V CONISTON COURT (NORTH) HOVE LTD |
| 650 24 - SUBJECT ADDED ENTRY--TOPICAL TERM | |
| Topical term or geographic name entry element | NAILRILE LTD V EARL CADOGAN |
| 650 24 - SUBJECT ADDED ENTRY--TOPICAL TERM | |
| Topical term or geographic name entry element | LEASEHOLD REFORM ACT 1967 |
| 650 24 - SUBJECT ADDED ENTRY--TOPICAL TERM | |
| Topical term or geographic name entry element | LEASEHOLD REFORM, HOUSING AND URBAN DEVELOPMENT ACT 1993 |
| 651 #4 - SUBJECT ADDED ENTRY--GEOGRAPHIC NAME | |
| Geographic name | England and Wales |
| Chronological subdivision | 1543- |
| 690 ## - LOCAL SUBJECT ADDED ENTRY--TOPICAL TERM (OCLC, RLIN) | |
| Topical term or geographic name as entry element | Valuation |
| 9 (RLIN) | 6273 |
| 942 ## - ADDED ENTRY ELEMENTS (KOHA) | |
| Suppress in OPAC | 0 |
| Withdrawn status | Lost status | Source of classification or shelving scheme | Damaged status | Not for loan | Home library | Current library | Shelving location | Date acquired | Total Checkouts | Full call number | Barcode | Date last seen | Copy number | Price effective from | Koha item type |
|---|---|---|---|---|---|---|---|---|---|---|---|---|---|---|---|
| Dewey Decimal Classification | London | London | Journals | 15/10/2014 | L158213 | 158213-1001 | 06/08/2019 | 1 | 06/08/2019 | Journal article |